000 00497nam a22001693a 4500
005 20210223124556.0
008 010531s1996 ea r 000 0 eng d
020 _a0942454499
035 _aUPN01000116300
049 _aC
050 4 _aNC998.5 A1
_bB4.4 1996
245 0 4 _aThe black book AR100 eleventh annual 1996.
260 _aNew York :
_bThe Black Book Marketing,
_cc1996.
300 _a256 p. :
_bil. col.
650 4 _aARTE COMERCIAL -
_zESTADOS UNIDOS -
_vCATALOGOS
_92519
905 _aLibro
999 _c89051
_d89051